Bocetos de natación /

Memorias de la artista visual canadiense Leanne Shapton (1973- ), quien se ha consolidado por su trabajo como directora artística de publicaciones prestigiosas como The New York Times o The Canadian Post, así como por su trabajo como ilustradora editorial. En la presente obra, Shapton reflexiona sob...

Descripció completa

Guardat en:
Dades bibliogràfiques
Autor principal: Shapton, Leanne (autor)
Format: Llibre
Idioma:espanyol
Publicat: Buenos Aires, Argentina : Blatt and Ríos, 2022, c2022
Matèries:
Etiquetes: Afegir etiqueta
Sense etiquetes, Sigues el primer a etiquetar aquest registre!

MARC

LEADER 00000nam^a2200000^a^4500
001 000568578
005 20250521000000.0
009 20260310132150.576
020 |a 978-987-8473-55-0 
037 |a Acervo ITESO - Biblioteca 
041 |a ESP 
082 |a 741. 971  |b SHA 
100 |a Shapton, Leanne  |e (autor) 
245 1 0 |a Bocetos de natación /  |c L. Shapton ; tr. por Laura Wittner. 
264 4 |a Buenos Aires, Argentina :  |b Blatt and Ríos,  |c 2022, c2022 
300 |a 333 p. 
336 |a texto  |b txt  |2 rdacontenido 
337 |a sin mediación  |b n  |2 rdamedio 
338 |a volumen  |b nc  |2 rdasoporte 
500 |a Traducción de: Swimming Studies 
520 |a Memorias de la artista visual canadiense Leanne Shapton (1973- ), quien se ha consolidado por su trabajo como directora artística de publicaciones prestigiosas como The New York Times o The Canadian Post, así como por su trabajo como ilustradora editorial. En la presente obra, Shapton reflexiona sobre su juventud, cuando se desempeñó como nadadora de alto rendimiento y aspirante a participar en los Juegos Olímpicos. Aunque dejó de entrenar de forma profesional, Shapton indaga sobre cómo el agua y el deporte han permeado en su visión artística. 
649 |a XX 
650 |a Deportistas Canadienses -  |x Memorias 
650 |a Diseñadores Canadienses -  |x Memorias 
650 |a Mujeres Canadienses -  |x Memorias 
650 |a Natación -  |x Entrenamientos 
650 |a Natación -  |x Tema Principal 
650 |a Deportes Profesionales -  |z Canadá 
650 |a Deportes -  |z Canadá 
650 |a Ilustración (Diseño) -  |z Canadá 
650 |a Diseño Gráfico -  |z Canadá -  |x Tema Principal 
650 |a Comunicación Visual 
650 |a Shapton, Leanne -  |x Tema Principal 
910 |a Fondo General 
920 |a Impresos - Libros 
930 |a Colección General 
905 |a 101 
901 |a 0500395244  |b IT1  |c ACC  |i C182895  |u 20250521 
902 |a https://opac.biblio.iteso.mx/vufind/Record/000568578